Nation building, state building, and economic development : (Record no. 20252)
[ view plain ]
| 000 -LEADER | |
|---|---|
| fixed length control field | 02366cam a22002895a 4500 |
| 001 - CONTROL NUMBER | |
| control field | 015470688 |
| 003 - CONTROL NUMBER IDENTIFIER | |
| control field | OSt |
| 005 - DATE AND TIME OF LATEST TRANSACTION | |
| control field | 20151214131805.0 |
| 008 - FIXED-LENGTH DATA ELEMENTS--GENERAL INFORMATION | |
| fixed length control field | 090126s2010 enka frb 001 0 eng d |
| 020 ## - INTERNATIONAL STANDARD BOOK NUMBER | |
| International Standard Book Number | 9780765622440 (cased) |
| 020 ## - INTERNATIONAL STANDARD BOOK NUMBER | |
| International Standard Book Number | 9780765622457 (pbk.) |
| 040 ## - CATALOGING SOURCE | |
| Original cataloging agency | DLC |
| Transcribing agency | DLC |
| Modifying agency | YDX |
| -- | BWX |
| -- | CDX |
| -- | PMC |
| -- | DLC |
| -- | Uk |
| -- | EG-ScBUE |
| Language of cataloging | eng |
| 043 ## - GEOGRAPHIC AREA CODE | |
| Geographic area code | d------ |
| 082 04 - DEWEY DECIMAL CLASSIFICATION NUMBER | |
| Classification number | 338.90091724 |
| Edition number | 22 |
| Item number | NAT |
| 245 00 - TITLE STATEMENT | |
| Title | Nation building, state building, and economic development : |
| Remainder of title | case studies and comparisons / |
| Statement of responsibility, etc | editor S. C. M. Paine. |
| 260 ## - PUBLICATION, DISTRIBUTION, ETC. (IMPRINT) | |
| Place of publication, distribution, etc | Oxon ; |
| -- | New York : |
| Name of publisher, distributor, etc | Routledge / Taylor & Francis Group, |
| Date of publication, distribution, etc | 2010. |
| 300 ## - PHYSICAL DESCRIPTION | |
| Extent | xiv, 330 p. : |
| Other physical details | ill. ; |
| Dimensions | 24 cm. |
| 500 ## - GENERAL NOTE | |
| General note | Index : p. 317-330. |
| 504 ## - BIBLIOGRAPHY, ETC. NOTE | |
| Bibliography, etc | Includes bibliographical references. |
| 505 0# - FORMATTED CONTENTS NOTE | |
| Formatted contents note | Nation building in India under British rule / Dietmar Rothermund -- France in Algeria : the heritage of violence / Kay Adamson -- The Philippines : the contested state / Amy Blitz -- Japanese puppet-state building in Manchukuo / S.C.M. Paine -- State and nation building in the Soviet Union under Vladimir Lenin and Joseph Stalin / Martin McCauley -- Mustafa Kemal Atatürk and the creation of the Turkish republic / Alexander Lyon Macfie -- Mao Zedong : utopian visions and practical realities / Warren Sun -- Nasser's Egypt : a quest for national power and prosperity / Kirk J. Beattie -- Underdevelopment in Haiti / Philippe R. Girard -- The incomplete state : the Dominican Republic, 1844-1961 / Frank Moya Pons -- Jordan : among three nationalisms / Philip Robins -- Nation-state building in Israel / Gregory Mahler -- State building and economic failure in North Korea / Charles K. Armstrong -- From anticommunist industrialization to civic democracy in South Korea / Kim Hyung-A -- Deconstruction in the Republic of the Congo / Mbow Amphas-Mampoua -- The three pillars of power in Gabon : ethnicity, family, and France / James F. Barnes -- The incomplete state and the alternate state in Papua New Guinea / Hank Nelson -- National identity and exclusion in Indonesia / Robert Cribb. |
| 650 #0 - SUBJECT ADDED ENTRY--TOPICAL TERM | |
| Topical term or geographic name as entry element | Nation-building |
| Form subdivision | Case studies. |
| Source of heading or term | BUEsh |
| 650 #0 - SUBJECT ADDED ENTRY--TOPICAL TERM | |
| Topical term or geographic name as entry element | Economic development |
| General subdivision | Political aspects |
| Form subdivision | Case studies. |
| Source of heading or term | BUEsh |
| 651 #0 - SUBJECT ADDED ENTRY--GEOGRAPHIC NAME | |
| Geographic name | Developing countries |
| General subdivision | Politics and government |
| Form subdivision | Case studies. |
| Source of heading or term | BUEsh |
| 653 ## - INDEX TERM--UNCONTROLLED | |
| Resource For college | BAEPS, Economics |
| Arrived date list | July2015 |
| -- | December2015 |
| 700 1# - ADDED ENTRY--PERSONAL NAME | |
| Personal name | Paine, S. C. M., |
| Dates associated with a name | 1957- |
| Relator term | editor. |
| 942 ## - ADDED ENTRY ELEMENTS (KOHA) | |
| Source of classification or shelving scheme | Dewey Decimal Classification |
| Withdrawn status | Lost status | Source of classification or shelving scheme | Damaged status | Not for loan | Koha collection | Home library | Current library | Shelving location | Date acquired | Source of acquisition | Cost, normal purchase price | Serial Enumeration / chronology | Total Checkouts | Total Renewals | Full call number | Barcode | Date last seen | Date last borrowed | Cost, replacement price | Koha item type |
|---|---|---|---|---|---|---|---|---|---|---|---|---|---|---|---|---|---|---|---|---|
| Dewey Decimal Classification | Baccah | Central Library | Central Library | First floor | 06/07/2015 | Purchase | 406.00 | 23125 | 3 | 25 | 338.90091724 NAT | 000039289 | 15/07/2025 | 22/01/2018 | 508.00 | Book - Borrowing |